Analýza rozhodovacieho procesu v mikropodniku bakalárska práca

Guardado en:
Detalles Bibliográficos
Autor principal: Smetana, Tomáš
Autor Corporativo: Fakulta podnikového manažmentu EU. Katedra manažmentu
Otros Autores: Jankelová, Nadežda, 1966-
Formato: Libro
Lenguaje:eslovaco
Publicado: Bratislava 2011
Etiquetas: Agregar Etiqueta
Sin Etiquetas, Sea el primero en etiquetar este registro!

MARC

LEADER 00000nam a2200000 4500
001 0153001
005 20240320071949.0
041 0 |a slo 
044 |a SK 
245 1 0 |a Analýza rozhodovacieho procesu v mikropodniku  |b bakalárska práca  |c Tomáš Smetana ; školiteľ: Nadežda Jankelová 
264 1 |a Bratislava  |c 2011 
300 |a 37 s. 
100 1 |a Smetana, Tomáš 
700 1 |a Jankelová, Nadežda, 1966- 
710 2 |a Fakulta podnikového manažmentu EU. Katedra manažmentu